000 00870nam a2200253Ia 4500
003 OSt
005 20221005113154.0
006 a|||||r|||| 00| 0
007 ta
008 221004b |||||||| |||| 00| 0 pan d
020 _a8186216952 (hbk)
_c200
024 _a104211
037 _b7830/IV/A, 31/01/2011, Arsee Publishers
_cTextual
040 _aCRL
_cCRL
_bpan
041 _2pan
_apan
082 _aO153,6M95x, J4;P9
100 _aਸਿੰਘ, ਗੁਰਬ॥
245 0 _aਮੇਰੀਆਂ ਅਭੁੱਲ ਯਾਦਾਂ
260 _aਨਵੀ੍ਵ
_bਦਿੱਲੀ ਨਵਯੁਗ ਭਾਰਤ
_c2009
300 _a168ਪੰ
_ccm.
650 _aਪੰਜਾਬੀ ਸਾਹਿਤ
942 _hO153,6M95x, J4;P9
_cTEXL
_2cc
999 _c1027284
_d1027284